Statistics for Countries of the Axis - AnakinSkywalker7

Click here to take the quiz!

General Stats

  • This quiz has been taken 10 times
  • The average score is 9 of 10

Answer Stats

HintAnswer% Correct
GERGermany
100%
HUNHungary
100%
ITAItaly
100%
JAPJapan
100%
ROMRomania
100%
BULBulgaria
90%
FINFinland
90%
IRAIraq
90%
THAThailand
80%
HOLHolland
50%

Score Distribution

Percentile by Number Answered

Percent of People with Each Score

Your Score History

You have not taken this quiz